|
|
|
|
| LEADER |
01058nta a2200229 i 4500 |
| 001 |
dokt9 |
| 005 |
20200303093944.0 |
| 008 |
100514s2003 hu om 0|| eng d |
| 024 |
7 |
|
|a 143993
|2 mtmt
|
| 040 |
|
|
|a SZTE Doktori Repozitórium
|b hun
|
| 041 |
|
|
|a eng
|
| 100 |
1 |
|
|a Koniorczyk Mátyás
|
| 245 |
1 |
0 |
|a Quantum teleportation on generic Hilbert spaces and in optics
|h [elektronikus dokumentum] /
|c Koniorczyk Mátyás
|
| 246 |
1 |
0 |
|a Kvantumteleportáció általános Hilbert-terekben és az optikában
|h [elektronikus dokumentum]
|
| 260 |
|
|
|c 2003
|
| 502 |
|
|
|a Disszertacio
|
| 650 |
|
4 |
|a fizikai tudományok
|
| 700 |
1 |
|
|a Janszky József
|e ths
|
| 856 |
4 |
0 |
|u https://doktori.bibl.u-szeged.hu/id/eprint/9/3/de_750.pdf
|z Dokumentum-elérés
|
| 856 |
4 |
0 |
|u https://doktori.bibl.u-szeged.hu/id/eprint/9/2/tz_en750.pdf
|z Dokumentum-elérés
|
| 856 |
4 |
0 |
|u https://doktori.bibl.u-szeged.hu/id/eprint/9/10/2003_koniorczyk_matyas_tezis_hun.pdf
|z Dokumentum-elérés
|
| 856 |
4 |
0 |
|u https://doktori.bibl.u-szeged.hu/id/eprint/9/16/2002_koniorczyk_matyas_birl.pdf
|z Dokumentum-elérés
|